000 00708nam a22002297a 4500
999 _c195283
_d195283
005 20230403143511.0
010 _aENG-136440
020 _a9788195584765
_c450.00
035 _aEN-119972
037 _bDBAD/PUB
082 _a595.7
100 _aKumar,Sanjeet
245 _aRed Weaver Ants /
_cBy Sanjeet Kumar [et.al]
_bOecophylla Smaragdina /
250 _aFirst
260 _bDivisional Forest Officer
_aOdisha
_c2022
270 _aBonai Forest Division, Bonaigadh, Sundargarh
_bOdisha
_mdfobonai@gmail.com
300 _a56p.
_c20cm(pbk)
700 _aMishra, Arun
_eAuthor
700 _aN,Sanath
_eAuthor
700 _aHansdah, Pomamani
_eAuthor
942 _2ddc
_cEN
_h595.7
_mSAN